000 02331nam0a2200361 4500
001 RU\NLR\BIBL_A\022798106
005 20260517042741.0
010 _a978-5-7508-2496-0
021 _aRU
035 _a(NLR Aleph) 022798106
090 _a13704642
_c13704642
100 _a20260430d2026 u y0rusy50 ca
101 0 _arus
102 _aRU
105 _ay z 000 y
181 0 _ai
_baxxe
182 0 _an
200 1 _aОпределение остаточных количеств спироксамина в зерне и соломе гороха методом высокоэффективной жидкостной хроматографии с масс-спектрометрическим детектированием
_eметодические указания по методам контроля : МУК 4.1.4168-25
203 _aТекст
_bвизуальный
_cнепосредственный
205 _aИзд. офиц.
210 _aМосква
_cРоспотребнадзор
_d2026
215 _d21
225 1 _a4.1. Методы контроля. Химические факторы
225 1 _aГосударственное санитарно-эпидемиологическое нормирование Российской Федерации
606 1 _aСпироксамин
_jМетодические пособия
_xОпределение в горохе
_xХроматографии жидкостной высокоэффективной метод
_92708638
_3RU\NLR\AUTH\6601770378
686 1 _aП213.3-272.53в743я8
712 0 1 _4725
_aРоссийская Федерация
_bФедеральная служба по надзору в сфере защиты прав потребителей и благополучия человека
_9648640
_3RU\NLR\AUTH\8810073282
712 0 2 _4900
_aРоссийский государственный аграрный университет - МСХА им. К. А. Тимирязева
_9653984
_3RU\NLR\AUTH\8810075940
712 0 2 _4900
_a"Агроэкология пестицидов и агрохимикатов", учебно-научный консультационный центр
_cМосква
_9536358
_3RU\NLR\AUTH\880436017
942 _cBOOK
980 _aNB